Discrete distributions : distributions in statistics

Αποθηκεύτηκε σε:
Λεπτομέρειες βιβλιογραφικής εγγραφής
Κύριος συγγραφέας: Johnson, Norman Lloyd
Άλλοι συγγραφείς: Kotz, Samuel
Μορφή: Βιβλίο
Γλώσσα:English
Δημοσίευση: New York : John Wiley and Sons, 1969.
Σειρά:Wiley series in probability and mathematical statistics
Θέματα:
Ετικέτες: Προσθήκη ετικέτας
Δεν υπάρχουν, Καταχωρήστε ετικέτα πρώτοι!

MARC

LEADER 00000cam a2200000 i 4500
001 1/897
008 950705s1969 nyu| ||| |||| ||eng||
020 |a 0471443603 
035 |l 10014243 
040 |a GR-MyUa  |b gre  |e AACR2 
041 0 |a eng 
082 7 |a 519.1   |2 (22) 
100 1 |a Johnson, Norman Lloyd. 
245 1 0 |a Discrete distributions :   |b distributions in statistics /   |c Norman L. Johnson, Samuel Kotz. 
260 |a New York :   |b John Wiley and Sons,   |c 1969. 
300 |a 328 σ. ;   |c 25 εκ. 
490 1 |a (Wiley series in probability and mathematical statistics0 
650 0 0 |a Distribution (Probability theory) 
700 1 |a Kotz, Samuel. 
830 0 |a Wiley series in probability and mathematical statistics 
852 |a INST  |b LESVOS  |e 19950705  |h 519.1 JOH  |p 005100008052  |q 005100008052  |t BK  |y 0 
922 |a 1ΕΛΗ  |b 199205  |c ΠΠ/2125